<?xml version="1.0" encoding="UTF-8"?><?xml-stylesheet type="text/xsl" href="static/style.xsl"?><OAI-PMH xmlns="http://www.openarchives.org/OAI/2.0/" xmlns:xsi="http://www.w3.org/2001/XMLSchema-instance" xsi:schemaLocation="http://www.openarchives.org/OAI/2.0/ http://www.openarchives.org/OAI/2.0/OAI-PMH.xsd"><responseDate>2026-04-30T05:17:18Z</responseDate><request verb="GetRecord" identifier="oai:uvadoc.uva.es:10324/47852" metadataPrefix="marc">https://uvadoc.uva.es/oai/request</request><GetRecord><record><header><identifier>oai:uvadoc.uva.es:10324/47852</identifier><datestamp>2021-09-20T09:29:39Z</datestamp><setSpec>com_10324_36333</setSpec><setSpec>com_10324_954</setSpec><setSpec>com_10324_894</setSpec><setSpec>col_10324_36336</setSpec></header><metadata><record xmlns="http://www.loc.gov/MARC21/slim" xmlns:doc="http://www.lyncode.com/xoai" xmlns:xsi="http://www.w3.org/2001/XMLSchema-instance" xmlns:dcterms="http://purl.org/dc/terms/" xsi:schemaLocation="http://www.loc.gov/MARC21/slim http://www.loc.gov/standards/marcxml/schema/MARC21slim.xsd">
<leader>00925njm 22002777a 4500</leader>
<datafield tag="042" ind1=" " ind2=" ">
<subfield code="a">dc</subfield>
</datafield>
<datafield tag="720" ind1=" " ind2=" ">
<subfield code="a">Carro Sancristóbal, Luis</subfield>
<subfield code="e">author</subfield>
</datafield>
<datafield tag="720" ind1=" " ind2=" ">
<subfield code="a">López-Angulo Martín, Natalia</subfield>
<subfield code="e">author</subfield>
</datafield>
<datafield tag="720" ind1=" " ind2=" ">
<subfield code="a">Domínguez Pulido, Sandra</subfield>
<subfield code="e">author</subfield>
</datafield>
<datafield tag="260" ind1=" " ind2=" ">
<subfield code="c">2018</subfield>
</datafield>
<datafield tag="520" ind1=" " ind2=" ">
<subfield code="a">La experiencia del BdC con estudiantes y egresados de la Universidad de Valladolid surge como una necesidad de mejorar los servicios de orientación en esta universidad, ofreciendo un servicio más individualizado y aportando información de acuerdo a las necesidades de cada beneficiario. El BdC se implantó como una experiencia piloto enmarcado en una de las líneas estratégicas de empleabilidad del Vicerrectorado de Estudiantes de la Universidad de Valladolid. En esta línea, el servicio se adaptó a las características del nuevo grupo destinatario, siguiendo el modelo de la Universidad de Foggia (Italia), y alineado con la Carta Europea de Calidad. El servicio se ofreció a un grupo estudiantes de último curso de grado y egresados, de todas las Facultades y Escuelas del Campus de Valladolid. Este hecho, supuso el cambio en el proceso metodológico, que en esta ocasión se caracterizó por combinar entrevistas individuales y talleres formativos de empleabilidad. En las entrevistas individuales entre consultor/a y beneficiario/a, se dirigen a la exploración de las competencias personales, formativas y profesionales adquiridas a lo largo de la vida de la persona. Estas entrevistas, se complementan con cinco talleres formativos de empleabilidad. Durante esta experiencia piloto, se desarrollaron 42 casos para estudiantes de la Universidad de Valladolid, 21 casos para egresados de la Universidad de Valladolid. Se obtuvo un alto grado de satisfacción con el servicio, en especial, con las entrevistas individuales realizadas con el consultor/a.</subfield>
</datafield>
<datafield tag="024" ind2=" " ind1="8">
<subfield code="a">Allueva Torres, P. (Coord.). Orientación y calidad educativa universitarias. Zaragoza: Prensas de la Universidad de Zaragoza, 2019, p. 323-339</subfield>
</datafield>
<datafield tag="024" ind2=" " ind1="8">
<subfield code="a">978-84-16723-62-1</subfield>
</datafield>
<datafield tag="024" ind2=" " ind1="8">
<subfield code="a">https://uvadoc.uva.es/handle/10324/47852</subfield>
</datafield>
<datafield tag="024" ind2=" " ind1="8">
<subfield code="a">10.26754/uz.978-84-16723-62-1</subfield>
</datafield>
<datafield tag="245" ind1="0" ind2="0">
<subfield code="a">Experiencia del balance de competencias con estudiantes y egresados de la Universidad de Valladolid</subfield>
</datafield>
</record></metadata></record></GetRecord></OAI-PMH>